Los Zares y los pueblos. (Record no. 1292)

MARC details
000 -CABECERA
campo de control de longitud fija 00957nam a2200241 a 4500
001 - NÚMERO DE CONTROL
campo de control BRCA_1430
005 - FECHA Y HORA DE LA ÚLTIMA TRANSACCIÓN
campo de control 20190320203427.0
008 - DATOS DE LONGITUD FIJA--INFORMACIÓN GENERAL
campo de control de longitud fija 990706s1998 sp-a---##c---s000-0#spa-d
020 ## - NÚMERO INTERNACIONAL ESTÁNDAR DEL LIBRO
Número Internacional Estándar del Libro 8477951586
050 #4 - SIGNATURA TOPOGRÁFICA DE LA BIBLIOTECA DEL CONGRESO
Número de clasificación DK33
Número de documento/Ítem .Z37 1998
245 10 - MENCIÓN DE TÍTULO
Título Los Zares y los pueblos.
260 ## - PUBLICACIÓN, DISTRIBUCIÓN, ETC.
Lugar de publicación, distribución, etc. Valencia
Nombre del editor, distribuidor, etc. Museu d´Etnologia
Fecha de publicación, distribución, etc. 1998
300 ## - DESCRIPCIÓN FÍSICA
Extensión 155 p.
Otras características físicas il. (algunas a color)
Dimensiones 24 cm.
440 #0 - MENCIÓN DE SERIE/PUNTO DE ACCESO ADICIONAL--TÍTULO
Título Ethnos
Designación de volumen o secuencia 7
9 (RLIN) 4680
500 ## - NOTA GENERAL
Nota general Catálogo de la exposición realizada en el Museu d´Etnología, Centre Cultural La Beneficència, Diputació de València, 21 mayo - 30 junio, 1998
500 ## - NOTA GENERAL
Nota general Incluye catálogo de objetos
610 24 - PUNTO DE ACCESO ADICIONAL DE MATERIA--NOMBRE DE ENTIDAD CORPORATIVA
Nombre de entidad corporativa o nombre de jurisdicción como elemento de entrada Museo Etnográfico del Estado (Saint Petersburg, Russia)
Subdivisión de forma Exposiciones
9 (RLIN) 4681
650 14 - PUNTO DE ACCESO ADICIONAL DE MATERIA--TÉRMINO DE MATERIA
Término de materia o nombre geográfico como elemento de entrada Etnología
Subdivisión de forma Exposiciones
Subdivisión geográfica Rusia
9 (RLIN) 4682
650 14 - PUNTO DE ACCESO ADICIONAL DE MATERIA--TÉRMINO DE MATERIA
Término de materia o nombre geográfico como elemento de entrada Arte popular
Subdivisión de forma Exposiciones
Subdivisión geográfica Rusia
9 (RLIN) 4683
650 14 - PUNTO DE ACCESO ADICIONAL DE MATERIA--TÉRMINO DE MATERIA
Término de materia o nombre geográfico como elemento de entrada Objetos de arte
Subdivisión de forma Exposiciones
Subdivisión geográfica Rusia
9 (RLIN) 4684
651 #4 - PUNTO DE ACCESO ADICIONAL DE MATERIA--NOMBRE GEOGRÁFICO
Nombre geográfico Rusia
Subdivisión de forma Exposiciones
Subdivisión general Vida social y costumbres
9 (RLIN) 4685
942 ## - ELEMENTOS DE PUNTO DE ACCESO ADICIONAL (KOHA)
Fuente del sistema de clasificación o colocación Library of Congress Classification
Tipo de ítem Koha Libros
Holdings
Estado de retiro Estado de pérdida Estado dañado No para préstamo Localización permanente Ubicación/localización actual Fecha de adquisición Total de préstamos Signatura topográfica completa Código de barras Fecha visto por última vez Precio válido a partir de Tipo de ítem Koha
El ejemplar forma parte de la colección y puede ser consultado según las políticas vigentes.       Biblioteca del Museo Franz Mayer (Rogerio Casas-Alatriste) Biblioteca del Museo Franz Mayer (Rogerio Casas-Alatriste) 26/06/2008   DK33 .Z37 1998 01957 22/03/2019 22/03/2019 Libros